| 000 | 00562nam a22001577a 4500 | ||
|---|---|---|---|
| 008 | 230502b |||||||| |||| 00| 0 eng d | ||
| 020 | _a06431220 | ||
| 040 |
_aNational Science Library _cNational Science Library |
||
| 080 |
_a536.51 _bL5 |
||
| 100 |
_aBeavis, M _98150 |
||
| 245 | _aTechniques used at NML for calibration of liquid-in-glass thermometers | ||
| 260 |
_aAustralia: _bCommonwealth Scientific and Industrial Research Organization, _c1975 |
||
| 490 |
_aNational Measurement Laboratory technical paper _v1 |
||
| 650 | _aScience | ||
| 942 |
_2udc _cREP |
||
| 999 |
_c26328 _d26328 |
||